Uran Khatola : (Record no. 43424)

MARC details
000 -LEADER
fixed length control field 01147njm a22002657a 4500
005 - DATE AND TIME OF LATEST TRANSACTION
control field 2010090106166.0
007 - PHYSICAL DESCRIPTION FIXED FIELD--GENERAL INFORMATION
fixed length control field sd ammalaaahaa
008 - FIXED-LENGTH DATA ELEMENTS--GENERAL INFORMATION
fixed length control field 100901t xxu||||| |||| 00| 0 hind
028 ## - PUBLISHER NUMBER
Publisher number N. 50911
Source His Master's Voice
028 ## - PUBLISHER NUMBER
Publisher number OJW. 2617
Source His Master's Voice
028 ## - PUBLISHER NUMBER
Publisher number OJW. 2622
Source His Master's Voice
035 ## - SYSTEM CONTROL NUMBER
System control number GR-175
040 ## - CATALOGING SOURCE
Original cataloging agency SED/VEN
100 ## - MAIN ENTRY--PERSONAL NAME
Personal name Mangeshkar, Lata
9 (RLIN) 1184
245 ## - TITLE STATEMENT
Title Uran Khatola :
Remainder of title hindustani /
Statement of responsibility, etc by Lata Mangeshkar & Chorus; music by Naushad; lyric by Shakeel Badayuni
Medium [sound recording]
246 ## - VARYING FORM OF TITLE
Title proper/short title उरण खटोला
260 ## - PUBLICATION, DISTRIBUTION, ETC. (IMPRINT)
Place of publication, distribution, etc Dum Dum, India
Name of publisher, distributor, etc His Master's Voice
300 ## - PHYSICAL DESCRIPTION
Extent 1 sound disc [Gramophone recording]
Other physical details analog, 33. 1/3 rpm
Dimensions 10 in
Type of unit Gramophone recording
500 ## - GENERAL NOTE
General note Brief record
505 ## - FORMATTED CONTENTS NOTE
Formatted contents note More Seaiyaji Utrenge Paar Ho(Lata Mangeshkar)मोरे सैइयाजी उतरेंगे पार हो, Mera Salam Leja(Chorus) मेरा सलाम लेजा
650 ## - SUBJECT ADDED ENTRY--TOPICAL TERM
Topical term or geographic name as entry element Classical Music
General subdivision Excerpts
Geographic subdivision India
9 (RLIN) 17965
700 ## - ADDED ENTRY--PERSONAL NAME
Personal name Chorus
9 (RLIN) 17966
942 ## - ADDED ENTRY ELEMENTS (KOHA)
Source of classification or shelving scheme Dewey Decimal Classification
Item type Gramaphone Records
Holdings
Withdrawn status Lost status Source of classification or shelving scheme Damaged status Not for loan Home library Current library Date acquired Source of acquisition Total Checkouts Barcode Date last seen Copy number Price effective from Koha item type
    Dewey Decimal Classification   Not For Loan Central Library Central Library 01/09/2010 SED/VEN   GR-175 01/09/2010 1 01/09/2010 Gramaphone Records

© Delhi Public Library
Hit Counter
free hit counter